| 000 | 00406nam a22001817a 4500 | ||
|---|---|---|---|
| 008 | 240210b |||||||| |||| 00| 0 eng d | ||
| 020 | _a978813123564 | ||
| 040 | _a30 | ||
| 082 | _a613.6 POR | ||
| 100 | _aPORTER , STUART | ||
| 110 | _bAYURVEDA | ||
| 245 | _aTIDY'S PHYSIOTHERAPY | ||
| 250 | _a15 TH | ||
| 260 |
_aNEW DELHI _bELSEVIER _c2022 |
||
| 300 | _a668 | ||
| 650 | _aPANCHKARMA | ||
| 942 | _c01 | ||
| 999 |
_c58143 _d58143 |
||